| 000 | 01007nam a2200253 i 4500 | ||
|---|---|---|---|
| 001 | 26628 | ||
| 003 | ES-MaACL | ||
| 005 | 20250604062619.0 | ||
| 007 | t| | ||
| 008 | 030109m19401943sp a |||| |dspa d | ||
| 245 | 0 | 0 |
_aHistoria de la cruzada española / _cdirección literaria, Joaquín Arrarás ; dirección artística, Carlos Sáenz de Tejada ; delegado del Estado, Ciriaco Pérez Bustamante. |
| 250 | _a2ª ed. | ||
| 260 |
_aMadrid : _b[s.n.], _c1940-1943 ( _eSantander : _fAldus) |
||
| 300 |
_a8 v. (34 t. en 8 v.) : _bil. ; _c31 cm. |
||
| 651 | 4 |
_aEspaña- _xHistoria- _y1902-1931, Alfonso XIII _98276 |
|
| 651 | 4 |
_aEspaña- _xHistoria- _y1931-1939, II República. _98283 |
|
| 651 | 4 |
_aEspaña- _xHistoria- _y1936-1939, Guerra civil. _98292 |
|
| 700 | 1 |
_aArrarás, Joaquín. _923228 |
|
| 700 | 1 |
_aSáenz de Tejada, Carlos, _d1897-1958 _9141636 |
|
| 700 | 1 |
_aPérez-Bustamante, Ciriaco, _d1896-1975 _990682 |
|
| 852 |
_aES-MaACL _jZ-56-63 _dOlim: B-404-11 |
||
| 942 | _2udc | ||
| 999 |
_c26628 _d26628 |
||